[Event "Chania Theodorakis Memorial 1st"]
[Site "Chania"]
[Date "2022.04.26"]
[Round "2"]
[White "Alexakis, Dimitris"]
[Black "Pelantakis, Mihail"]
[Result "1-0"]
[WhiteElo "2484"]
[BlackElo "1952"]
[PlyCount "95"]
[EventDate "2022.04.25"]
[EventType "swiss"]
[EventRounds "9"]
[EventCountry "GRE"]
[SourceTitle "CBM 208 Extra"]
[Source "ChessBase"]
[SourceDate "2022.07.31"]
[SourceVersion "1"]
[SourceVersionDate "2022.07.31"]
[SourceQuality "1"]

1. e4 e5 2. Bc4 Nf6 3. d3 c6 4. Qe2 Be7 5. f4 exf4 6. e5 Nd5 7. Nf3 0-0 8. Bxd5 cxd5 9. Bxf4 d6 10. exd6 Bxd6 11. Bxd6 Qxd6 12. Nc3 Nc6 13. 0-0 Bg4 14. Qf2 Bxf3 15. Qxf3 Qb4 16. Nxd5 Qxb2 17. c3 Qa3 18. Rf2 Rad8 19. Re1 Qc5 20. c4 Nb4 21. Nxb4 Qxb4 22. Rfe2 Qc5+ 23. Qe3 Qxe3+ 24. Rxe3 g6 25. Kf2 Rd7 26. Ke2 Rfd8 27. Kd2 Kg7 28. Kc3 h5 29. a4 Rd6 30. Rd1 Ra6 31. Re7 Rxa4 32. Rxb7 Ra3+ 33. Rb3 Ra2 34. Rb2 Ra3+ 35. Rb3 Ra2 36. Rd2 Rxd2 37. Kxd2 Kf6 38. Rb7 Ra8 39. Kc3 a5 40. Rb2 Ke5 41. d4+ Ke4 42. Re2+ Kf4 43. d5 a4 44. d6 a3 45. d7 Rd8 46. Rd2 a2 47. Kb2 Ra8 48. Ka1 1-0

[Event "GRE-ch U20"]
[Site "Trikala"]
[Date "2021.08.24"]
[Round "3"]
[White "Koukouvinos, Viktor"]
[Black "Pelantakis, Mihail"]
[Result "0-1"]
[WhiteElo "1719"]
[BlackElo "1939"]
[PlyCount "150"]
[EventDate "2021.08.23"]
[EventType "swiss"]
[EventRounds "9"]
[EventCountry "GRE"]
[SourceTitle "EXT 2022"]
[Source "ChessBase"]
[SourceDate "2021.10.06"]
[SourceVersion "1"]
[SourceVersionDate "2021.10.06"]
[SourceQuality "1"]

1. d4 Nf6 2. c4 g6 3. Nc3 Bg7 4. e4 d6 5. Nf3 0-0 6. Be2 e5 7. 0-0 Qe8 8. d5 Nfd7 9. Ne1 f5 10. f3 Nf6 11. Nd3 Rf7 12. b4 Bf8 13. c5 f4 14. cxd6 cxd6 15. Bb2 h5 16. Rc1 g5 17. Nf2 Rg7 18. h3 Qg6 19. Qd3 Na6 20. a3 Bd7 21. Nb1 g4 22. fxg4 hxg4 23. Bxg4 Bxg4 24. hxg4 Nh5 25. Qf3 Ng3 26. Rfe1 Qg5 27. Nc3 Qh4 28. Ne2 Be7 29. Rc3 Nxe2+ 30. Qxe2 Bd8 31. Rh3 Qg5 32. Rh5 Qg6 33. Qf3 Bb6 34. Qh3 Rf8 35. g5 Rh7 36. Rxh7 Qxh7 37. Qe6+ Qf7 38. Qxd6 f3 39. g3 Bc7 40. Qh6 Qg7 41. Qxg7+ Kxg7 42. Nd3 Kg6 43. Kf1 Kxg5 44. Bxe5 Bb6 45. Bf4+ Kh5 46. Be3 Bc7 47. Kf2 Kg4 48. e5 Rh8 49. Rg1 Rh2+ 50. Kf1 Re2 51. Bd4 Rd2 52. Nf2+ Kf5 53. d6 Rxd4 54. dxc7 Nxc7 55. g4+ Kxe5 56. Nh3 Ke4 57. Kf2 Rd2+ 58. Kg3 Ke3 59. g5 Ne6 60. g6 Ng7 61. Re1+ Re2 62. Rc1 Rg2+ 63. Kh4 Rxg6 64. Rc3+ Ke4 65. Ng5+ Rxg5 66. Kxg5 f2 67. Rc1 Ke3 68. Kg6 Ne6 69. Kf6 Nd4 70. Rf1 Ke2 71. Rxf2+ Kxf2 72. a4 Ke3 73. b5 Kd3 74. Ke5 Kc4 75. Kd6 Nxb5+ 0-1

[Event "GRE-ch U18 23rd"]
[Site "Rethymno"]
[Date "2020.01.03"]
[Round "3"]
[White "Pelantakis, Mihail"]
[Black "Bardis, Harilaos Panagiotis"]
[Result "0-1"]
[WhiteElo "1970"]
[BlackElo "2015"]
[PlyCount "44"]
[EventDate "2020.01.02"]
[EventType "swiss"]
[EventRounds "9"]
[EventCountry "GRE"]
[SourceTitle "EXT 2021"]
[Source "ChessBase"]
[SourceDate "2020.10.23"]
[SourceVersion "1"]
[SourceVersionDate "2020.10.23"]
[SourceQuality "1"]

1. e4 c5 2. Nf3 Nc6 3. Nc3 d6 4. d4 cxd4 5. Nxd4 e5 6. Nf3 Nf6 7. Bc4 Be7 8. 0-0 0-0 9. h3 Na5 10. Bb3 Nxb3 11. axb3 h6 12. Be3 a6 13. Qd3 Be6 14. Rfd1 b5 15. Qe2 Qc7 16. Ne1 Qb7 17. Qf3 b4 18. Na4 Nxe4 19. Nb6 Rad8 20. Nd3 f5 21. Nc4 Bd5 22. Nxb4 Bxc4 0-1

[Event "GRE-ch U16"]
[Site "Patras"]
[Date "2019.07.01"]
[Round "9.4"]
[White "Pelantakis, Mihail"]
[Black "Tsarsitalidis, Konstantinos"]
[Result "1/2-1/2"]
[WhiteElo "2014"]
[BlackElo "2001"]
[PlyCount "84"]
[EventDate "2019.06.25"]
[EventType "swiss"]
[EventRounds "9"]
[EventCountry "GRE"]
[SourceTitle "EXT 2020"]
[Source "ChessBase"]
[SourceDate "2019.10.17"]
[SourceVersion "1"]
[SourceVersionDate "2019.10.17"]
[SourceQuality "1"]
[WhiteTeam "Greece"]
[BlackTeam "Greece"]
[WhiteTeamCountry "GRE"]
[BlackTeamCountry "GRE"]

1. Nf3 Nf6 2. g3 g6 3. b3 Bg7 4. Bb2 0-0 5. Bg2 d5 6. c4 c6 7. 0-0 Nbd7 8. d4 Ne4 9. e3 Nb6 10. Na3 Be6 11. Qe2 Bg4 12. h3 Bxf3 13. Bxf3 Qd7 14. Bg2 Rae8 15. cxd5 cxd5 16. Nb5 a6 17. Nc3 f5 18. Rac1 Qd6 19. Rc2 Bh6 20. Nb1 Nd7 21. Nd2 Nxd2 22. Qxd2 Nf6 23. Qc3 Qe6 24. Rfc1 Ne4 25. Qc7 Nxf2 26. Rxf2 Bxe3 27. Qxb7 Rd8 28. Rc6 Qf7 29. Rc7 Bxf2+ 30. Kxf2 f4 31. g4 Rfe8 32. Bf3 Qe6 33. Bc1 Qf6 34. Bb2 Rd6 35. Bxd5+ Kf8 36. Rc8 Qh4+ 37. Ke2 f3+ 38. Kd3 f2 39. Rxe8+ Kxe8 40. Qb8+ Kd7 41. Qb7+ Ke8 42. Qb8+ Kd7 1/2-1/2

[Event "GRE-ch U16"]
[Site "Patras"]
[Date "2019.06.28"]
[Round "5.8"]
[White "Pelantakis, Mihail"]
[Black "Nteligiorgis, Eleftherios"]
[Result "1/2-1/2"]
[WhiteElo "2014"]
[BlackElo "1903"]
[PlyCount "119"]
[EventDate "2019.06.25"]
[EventType "swiss"]
[EventRounds "9"]
[EventCountry "GRE"]
[SourceTitle "EXT 2020"]
[Source "ChessBase"]
[SourceDate "2019.10.17"]
[SourceVersion "1"]
[SourceVersionDate "2019.10.17"]
[SourceQuality "1"]
[WhiteTeam "Greece"]
[BlackTeam "Greece"]
[WhiteTeamCountry "GRE"]
[BlackTeamCountry "GRE"]

1. d4 Nf6 2. Nc3 d5 3. Bf4 a6 4. e3 c5 5. dxc5 Qa5 6. a3 Qxc5 7. Bd3 Nc6 8. Nf3 Bg4 9. Qd2 Bxf3 10. gxf3 e5 11. Bg5 Be7 12. 0-0-0 Rd8 13. e4 d4 14. Nd5 Nxd5 15. exd5 Qxd5 16. Bxe7 Nxe7 17. Qg5 Ng6 18. h4 Kf8 19. Be4 f6 20. Bxd5 fxg5 21. Bxb7 Nxh4 22. Bxa6 Nxf3 23. Bd3 h5 24. Be4 g4 25. c4 Rc8 26. b3 g5 27. Bf5 Rb8 28. Kb2 Ke7 29. c5 Rhf8 30. Bd3 Nh4 31. Rd2 Rf3 32. Re1 Kf6 33. b4 Rf4 34. Rc1 Nf3 35. Rdd1 e4 36. Ba6 e3 37. fxe3 dxe3 38. c6 Ke5 39. c7 Rff8 40. cxb8Q+ Rxb8 41. Rd3 g3 42. Rxe3+ Kf4 43. Rcc3 g4 44. Bf1 Rd8 45. Kc1 h4 46. Bg2 Rc8 47. Rxc8 Kxe3 48. Rc3+ Kf2 49. Rc2+ Kg1 50. Kd1 h3 51. b5 Nd4 52. b6 hxg2 53. b7 Nxc2 54. b8Q Ne3+ 55. Ke2 Nf1 56. Qh8 Nh2 57. Qa1+ Nf1 58. Qh8 Nh2 59. Qa1+ Nf1 60. Qh8 1/2-1/2

[Event "GRE-ch U16"]
[Site "Patras"]
[Date "2019.06.25"]
[Round "1.7"]
[White "Pelantakis, Mihail"]
[Black "Zgouletas, Ioannis"]
[Result "1-0"]
[WhiteElo "2014"]
[BlackElo "1643"]
[PlyCount "143"]
[EventDate "2019.06.25"]
[EventType "swiss"]
[EventRounds "9"]
[EventCountry "GRE"]
[SourceTitle "EXT 2020"]
[Source "ChessBase"]
[SourceDate "2019.10.17"]
[SourceVersion "1"]
[SourceVersionDate "2019.10.17"]
[SourceQuality "1"]
[WhiteTeam "Greece"]
[BlackTeam "Greece"]
[WhiteTeamCountry "GRE"]
[BlackTeamCountry "GRE"]

1. d4 Nf6 2. c4 e6 3. g3 d5 4. Nf3 dxc4 5. Qa4+ c6 6. Qxc4 b5 7. Qd3 Bb7 8. Bg2 Qb6 9. 0-0 Nbd7 10. a4 bxa4 11. Nc3 Nd5 12. Nxa4 Qc7 13. Bd2 Nb4 14. Bxb4 Bxb4 15. Rfc1 0-0 16. Ng5 Nf6 17. Ne4 Nxe4 18. Bxe4 g6 19. Qc4 Qd6 20. Nc5 Bxc5 21. Qxc5 Rfd8 22. e3 e5 23. Qxd6 Rxd6 24. dxe5 Rd2 25. b4 Rb2 26. Ra4 Rd8 27. Rc2 Rxc2 28. Bxc2 c5 29. bxc5 Rd2 30. Rc4 Bd5 31. Rd4 Rxc2 32. Rxd5 a5 33. c6 a4 34. Ra5 Rxc6 35. Rxa4 Rc5 36. Re4 Rc6 37. Rd4 Kf8 38. Rd6 Rc5 39. e6 f6 40. Rd8+ Ke7 41. Rd7+ Kxe6 42. Rxh7 Rc2 43. Kg2 Kf5 44. Kf3 g5 45. g4+ Kg6 46. Rh8 Kg7 47. Rh5 Kg6 48. h4 Rc4 49. hxg5 fxg5 50. Rh8 Rc6 51. Re8 Kf7 52. Re4 Kf6 53. Ra4 Rb6 54. Ra3 Rb1 55. Kg2 Rb2 56. Kg3 Rb1 57. f4 gxf4+ 58. exf4 Rg1+ 59. Kh3 Rf1 60. Ra6+ Kf7 61. f5 Rh1+ 62. Kg3 Rd1 63. Kf4 Rd7 64. g5 Rb7 65. g6+ Kg8 66. Kg5 Rb8 67. Ra7 Kh8 68. Rh7+ Kg8 69. f6 Ra8 70. f7+ Kf8 71. Rh8+ Kg7 72. f8Q+ 1-0

[Event "GRE-ch U18"]
[Site "Rethymno"]
[Date "2019.01.05"]
[Round "5"]
[White "Bardis, Harilaos Panagiotis"]
[Black "Pelantakis, Mihail"]
[Result "0-1"]
[WhiteElo "1950"]
[BlackElo "1799"]
[PlyCount "102"]
[EventDate "2019.01.02"]
[EventType "swiss"]
[EventRounds "9"]
[EventCountry "GRE"]
[SourceTitle "CBM 188 Extra"]
[Source "ChessBase"]
[SourceDate "2019.02.26"]
[SourceVersion "1"]
[SourceVersionDate "2019.02.26"]
[SourceQuality "1"]

1. e4 c5 2. Nf3 d6 3. d4 cxd4 4. Nxd4 Nf6 5. Nc3 a6 6. Be2 e5 7. Nf3 h6 8. a4 Be7 9. Nd2 Be6 10. Nf1 d5 11. exd5 Nxd5 12. Nxd5 Qxd5 13. Qxd5 Bxd5 14. Ne3 Be6 15. Bf3 Nc6 16. 0-0 0-0 17. Nd5 Bxd5 18. Bxd5 Nb4 19. Bxb7 Rab8 20. Be4 f5 21. Bd3 Nxd3 22. cxd3 Rb3 23. Bd2 Rxd3 24. Bc3 e4 25. Rfc1 Bg5 26. Rc2 Rc8 27. Kf1 Bf6 28. Rac1 Bxc3 29. Rxc3 Rdxc3 30. Rxc3 Rxc3 31. bxc3 Kf7 32. Ke2 Ke6 33. c4 Ke5 34. g4 f4 35. f3 exf3+ 36. Kxf3 g5 37. c5 Kd5 38. c6 Kxc6 39. Ke4 Kc5 40. h3 Kb4 41. h4 Kxa4 42. h5 Kb3 43. Kf5 f3 44. Kg6 f2 45. Kxh6 f1Q 46. Kxg5 a5 47. h6 Qf8 48. Kg6 a4 49. Kh7 a3 50. g5 a2 51. g6 a1Q 0-1

[Event "GRE-ch U18"]
[Site "Rethymno"]
[Date "2019.01.05"]
[Round "6"]
[White "Pelantakis, Mihail"]
[Black "Kouvidis, Ioannis"]
[Result "1-0"]
[WhiteElo "1799"]
[BlackElo "2060"]
[PlyCount "35"]
[EventDate "2019.01.02"]
[EventType "swiss"]
[EventRounds "9"]
[EventCountry "GRE"]
[SourceTitle "CBM 188 Extra"]
[Source "ChessBase"]
[SourceDate "2019.02.26"]
[SourceVersion "1"]
[SourceVersionDate "2019.02.26"]
[SourceQuality "1"]

1. Nf3 Nf6 2. g3 g6 3. b3 Bg7 4. Bb2 0-0 5. Bg2 d6 6. d4 Nbd7 7. 0-0 e5 8. dxe5 Ng4 9. c4 Ngxe5 10. Nc3 Nxf3+ 11. Bxf3 Ne5 12. Bg2 Be6 13. Qd2 Qc8 14. Nd5 Re8 15. f4 Bxd5 16. Bxd5 Nd7 17. f5 Bxb2 18. fxg6 1-0

[Event "EU-Cup 34th"]
[Site "Porto Carras"]
[Date "2018.10.14"]
[Round "3.4"]
[White "Pelantakis, Mihail"]
[Black "Longson, Sarah N"]
[Result "1-0"]
[WhiteElo "1782"]
[BlackElo "2149"]
[PlyCount "107"]
[EventDate "2018.10.12"]
[EventType "team-swiss"]
[EventRounds "7"]
[EventCountry "GRE"]
[SourceTitle "CBM 187"]
[Source "ChessBase"]
[SourceDate "2018.12.11"]
[SourceVersion "1"]
[SourceVersionDate "2018.12.11"]
[SourceQuality "1"]
[WhiteTeam "Chania Kaissa"]
[BlackTeam "3Cs"]
[WhiteTeamCountry "GRE"]
[BlackTeamCountry "ENG"]

1. d4 Nf6 2. c4 g6 3. Nc3 d5 4. cxd5 Nxd5 5. e4 Nxc3 6. bxc3 Bg7 7. Qa4+ Bd7 8. Qa3 0-0 9. Be3 e5 10. d5 f5 11. h4 fxe4 12. h5 gxh5 13. Qb3 b6 14. Rxh5 Be8 15. Rh1 Bf7 16. Rd1 Nd7 17. Bc4 Nf6 18. Qc2 Qd6 19. Ne2 Bg6 20. Ng3 Rad8 21. Bb3 a5 22. c4 Qb4+ 23. Bd2 Qa3 24. Bc1 Qd6 25. Be3 Ra8 26. c5 bxc5 27. Bxc5 Qd7 28. Bxf8 e3 29. Qc6 exf2+ 30. Kf1 Rxf8 31. Qxd7 Nxd7 32. d6+ Kh8 33. dxc7 Nb6 34. Rd8 e4 35. Be6 e3 36. Rxf8+ Bxf8 37. c8Q Nxc8 38. Bxc8 Bd3+ 39. Ne2 Bb4 40. Rh5 Bc4 41. Bf5 Bxa2 42. Rxh7+ Kg8 43. Bd3 Bf7 44. Rh4 Kg7 45. Bc4 Bg6 46. Nf4 Bb1 47. Rh3 Bd2 48. Nd5 a4 49. Nxe3 a3 50. Nd5 a2 51. Ra3 Be1 52. Bxa2 Be4 53. Bc4 Kg6 54. Nf4+ 1-0

[Event "GRE-ch U16"]
[Site "Rio Achaia"]
[Date "2018.07.08"]
[Round "8"]
[White "Blitsas, Orestis"]
[Black "Pelantakis, Mihail"]
[Result "0-1"]
[WhiteElo "1584"]
[BlackElo "1867"]
[PlyCount "110"]
[EventDate "2018.07.03"]
[EventType "swiss"]
[EventRounds "9"]
[EventCountry "GRE"]
[SourceTitle "EXT 2019"]
[Source "ChessBase"]
[SourceDate "2018.10.10"]
[SourceVersion "1"]
[SourceVersionDate "2018.10.10"]
[SourceQuality "1"]

1. c4 Nf6 2. Nc3 c5 3. Nf3 Nc6 4. d4 cxd4 5. Nxd4 g6 6. e4 d6 7. Be2 Nxd4 8. Qxd4 Bg7 9. Be3 0-0 10. Qd2 Bd7 11. 0-0 Bc6 12. f3 a5 13. Rfd1 Nd7 14. Nd5 Nc5 15. Rac1 Re8 16. b3 Rf8 17. Kh1 Kh8 18. Bg5 Bxd5 19. cxd5 f5 20. Be3 fxe4 21. Bxc5 dxc5 22. Rxc5 Qd6 23. Rc4 Be5 24. Rxe4 Rf4 25. Rxf4 Bxf4 26. Qd4+ Be5 27. Qe4 Bxh2 28. Qe6 a4 29. Bc4 a3 30. Re1 Bg3 31. Qxd6 Bxd6 32. Kg1 Rc8 33. Kf2 Kg7 34. Re2 Rc5 35. Bd3 Rc1 36. Be4 Bc5+ 37. Kg3 b5 38. Rc2 Bd6+ 39. Kf2 Ra1 40. Ke3 b4 41. Kd4 Kf6 42. Bd3 Kg5 43. Bb5 Kf4 44. Bd7 Kg3 45. Bh3 Kf4 46. Re2 Rb1 47. Bd7 Rb2 48. Kd3 Kg3 49. Bh3 h5 50. Ke3 g5 51. Kd3 Rxe2 52. Kxe2 g4 53. fxg4 hxg4 54. Bxg4 Kxg4 55. Kd3 Kg3 0-1

[Event "GRE-ch U16"]
[Site "Rio Achaia"]
[Date "2018.07.04"]
[Round "2"]
[White "Ergazakis, Ioannis"]
[Black "Pelantakis, Mihail"]
[Result "1-0"]
[WhiteElo "2228"]
[BlackElo "1867"]
[PlyCount "73"]
[EventDate "2018.07.03"]
[EventType "swiss"]
[EventRounds "9"]
[EventCountry "GRE"]
[SourceTitle "EXT 2019"]
[Source "ChessBase"]
[SourceDate "2018.10.10"]
[SourceVersion "1"]
[SourceVersionDate "2018.10.10"]
[SourceQuality "1"]

1. e4 c5 2. Nf3 d6 3. d4 cxd4 4. Nxd4 Nf6 5. f3 e5 6. Nb3 a5 7. Bb5+ Nc6 8. c4 Be6 9. Be3 Be7 10. Nc3 0-0 11. Nd5 Nd7 12. Qd2 a4 13. Nc1 Nc5 14. 0-0 f5 15. exf5 Rxf5 16. Nd3 Nxd3 17. Qxd3 Bg5 18. Bb6 Qd7 19. Nc7 Raf8 20. Rad1 Be7 21. c5 d5 22. Nxe6 Qxe6 23. Qxd5 Qxd5 24. Rxd5 Nb4 25. Rd7 Bg5 26. Rxb7 Be3+ 27. Kh1 e4 28. Re1 Nc2 29. Re2 exf3 30. Rxc2 fxg2+ 31. Kxg2 Rg5+ 32. Kh3 Rh5+ 33. Kg4 Rg5+ 34. Kh4 h6 35. Bc7 Bf2+ 36. Bg3 Rf4+ 37. Kh3 1-0

[Event "GRE-ch U20"]
[Site "Chania"]
[Date "2018.04.11"]
[Round "2"]
[White "Loutragotis, Paraskevas Pantelei"]
[Black "Pelantakis, Mihail"]
[Result "1-0"]
[WhiteElo "1870"]
[BlackElo "1808"]
[PlyCount "73"]
[EventDate "2018.04.10"]
[EventType "swiss"]
[EventRounds "9"]
[EventCountry "GRE"]
[SourceTitle "CBM 184 Extra"]
[Source "ChessBase"]
[SourceDate "2018.06.28"]
[SourceVersion "1"]
[SourceVersionDate "2018.06.28"]
[SourceQuality "1"]
[WhiteTeam "Greece"]
[BlackTeam "Greece"]
[WhiteTeamCountry "GRE"]
[BlackTeamCountry "GRE"]

1. c4 Nf6 2. Nc3 g6 3. d4 Bg7 4. Nf3 0-0 5. Bg5 c5 6. d5 d6 7. Qd2 e6 8. 0-0-0 e5 9. Ne1 a6 10. e4 Bd7 11. f3 b5 12. h4 Qa5 13. Kb1 bxc4 14. g4 Ba4 15. Rc1 Nbd7 16. h5 Rab8 17. Ng2 Bb5 18. Nh4 Rb7 19. Bh6 Ba4 20. Bxg7 Kxg7 21. Qg5 Rfb8 22. Rh2 Rb4 23. Nf5+ Kf8 24. hxg6 fxg6 25. Qh6+ Ke8 26. Nxd6+ Kd8 27. Nxc4 Qc7 28. g5 Ne8 29. Qxh7 Nd6 30. Qg8+ Ne8 31. Qf7 Qb7 32. Nxa4 Rxa4 33. d6 Nb6 34. Qxb7 Rxb7 35. Nxe5 Nxd6 36. Rd1 Rd4 37. Nc6+ 1-0

[Event "GRE-ch U18"]
[Site "Chania"]
[Date "2018.01.04"]
[Round "4"]
[White "Androutsopoulos Agiotatos, Vasilios"]
[Black "Pelantakis, Mihail"]
[Result "1-0"]
[WhiteElo "2002"]
[BlackElo "1852"]
[PlyCount "55"]
[EventDate "2018.01.02"]
[EventType "swiss"]
[EventRounds "9"]
[EventCountry "GRE"]
[SourceTitle "EXT 2024"]
[Source "ChessBase"]
[SourceDate "2023.10.10"]
[SourceVersion "1"]
[SourceVersionDate "2023.10.10"]
[SourceQuality "1"]

1. e4 e5 2. Nf3 Nc6 3. Bc4 Bc5 4. 0-0 d6 5. c3 Qf6 6. b4 Bb6 7. a4 a6 8. Be2 Nge7 9. d3 h6 10. Be3 Ba7 11. Nbd2 Ng6 12. b5 Na5 13. d4 Nf4 14. Re1 Nxe2+ 15. Qxe2 0-0 16. h3 Be6 17. Rab1 Qe7 18. Rb2 Bd7 19. Rc1 axb5 20. axb5 Bb6 21. Qd3 Rfb8 22. dxe5 Bxe3 23. Qxe3 dxe5 24. c4 Rd8 25. c5 c6 26. b6 Be8 27. Qc3 f6 28. Ra1 1-0

[Event "Heraklion Gazi op 13th"]
[Site "Heraklion"]
[Date "2017.07.29"]
[Round "2"]
[White "Pelantakis, Mihail"]
[Black "Megalios, Konstantinos"]
[Result "0-1"]
[WhiteElo "1799"]
[BlackElo "2254"]
[PlyCount "88"]
[EventDate "2017.07.28"]
[EventType "swiss"]
[EventRounds "9"]
[EventCountry "GRE"]
[SourceTitle "CBM 179 Extra"]
[Source "ChessBase"]
[SourceDate "2017.08.23"]
[SourceVersion "1"]
[SourceVersionDate "2017.08.23"]
[SourceQuality "1"]

1. e4 c6 2. d4 d5 3. Nc3 dxe4 4. Nxe4 Nd7 5. Ng5 Ngf6 6. Bd3 e6 7. Qe2 Bd6 8. Bd2 h6 9. N5f3 Qc7 10. 0-0-0 c5 11. h4 a6 12. Nh3 b5 13. dxc5 Nxc5 14. Bc3 Bb7 15. g4 b4 16. Bxf6 gxf6 17. Bc4 0-0-0 18. Rhg1 Kb8 19. Kb1 Rc8 20. Nd4 Rhd8 21. f4 Bxf4 22. Nxf4 Qxf4 23. Rgf1 Qe5 24. Qxe5+ fxe5 25. Nb3 Rxd1+ 26. Rxd1 Bf3 27. Rf1 Nxb3 28. axb3 e4 29. Bxa6 Rg8 30. Rg1 Rxg4 31. Rxg4 Bxg4 32. Kc1 e3 33. Bc4 Kc7 34. c3 Kd6 35. Kc2 f5 36. Kd3 f4 37. cxb4 e5 38. b5 e2 39. Kd2 Kc5 40. Bd3 f3 41. b4+ Kd4 42. b6 e1Q+ 43. Kxe1 Ke3 44. Be2 f2+ 0-1

[Event "GRE-ch U14"]
[Site "Achaia"]
[Date "2017.06.26"]
[Round "1"]
[White "Pelantakis, Fotios"]
[Black "Pelantakis, Mihail"]
[Result "0-1"]
[WhiteElo "1230"]
[BlackElo "1661"]
[PlyCount "116"]
[EventDate "2017.06.26"]
[EventType "swiss"]
[EventRounds "9"]
[EventCountry "GRE"]
[SourceTitle "EXT 2018"]
[Source "ChessBase"]
[SourceDate "2017.10.13"]
[SourceVersion "1"]
[SourceVersionDate "2017.10.13"]
[SourceQuality "1"]

1. c4 c5 2. Nf3 Nf6 3. Nc3 Nc6 4. g3 g6 5. Bg2 d6 6. 0-0 Bg7 7. d3 0-0 8. a3 Bd7 9. Bd2 Qc8 10. Rb1 Rb8 11. b4 b6 12. Bg5 Re8 13. Qd2 Bh3 14. Bxf6 Bxf6 15. Nd5 Bg7 16. e3 Bxg2 17. Kxg2 e6 18. Nc3 Ne5 19. Nxe5 dxe5 20. b5 Qb7+ 21. Kg1 Rbd8 22. Rfd1 Rd7 23. Qe2 Red8 24. Ne4 h6 25. f4 f5 26. Nf2 Rd6 27. e4 exf4 28. gxf4 Bd4 29. Kf1 Bxf2 30. Kxf2 Qe7 31. Ke3 Qh4 32. Qf3 Qxh2 33. Rd2 fxe4 34. Rxh2 exf3 35. Rb3 h5 36. Rh3 f2 37. Kxf2 Rd4 38. a4 Rxf4+ 39. Ke3 Rdd4 40. Rg3 Kg7 41. a5 Rg4 42. Rxg4 Rxg4 43. axb6 axb6 44. Ra3 Rd4 45. Ra6 Rd6 46. Ke4 Kf6 47. Ra1 g5 48. Rf1+ Kg6 49. Rf8 h4 50. Rc8 h3 51. Kf3 Rxd3+ 52. Kf2 Kf7 53. Rc6 g4 54. Rxb6 g3+ 55. Ke2 h2 56. Kxd3 h1Q 57. Kc3 g2 58. Rb7+ Kf6 0-1

[Event "GRE-ch U20"]
[Site "Chania"]
[Date "2017.01.07"]
[Round "8"]
[White "Patrelakis, Evaggelos"]
[Black "Pelantakis, Mihail"]
[Result "0-1"]
[WhiteElo "1887"]
[BlackElo "1709"]
[PlyCount "156"]
[EventDate "2017.01.02"]
[EventType "swiss"]
[EventRounds "9"]
[EventCountry "GRE"]
[SourceTitle "EXT 2024"]
[Source "ChessBase"]
[SourceDate "2023.10.10"]
[SourceVersion "1"]
[SourceVersionDate "2023.10.10"]
[SourceQuality "1"]

1. e4 c5 2. Nf3 d6 3. d4 cxd4 4. Nxd4 Nf6 5. Nc3 a6 6. Bg5 Nbd7 7. f4 Qc7 8. Qf3 h6 9. Bxf6 Nxf6 10. f5 e5 11. Nb3 Bd7 12. 0-0-0 0-0-0 13. g4 Be7 14. h4 g5 15. Nd5 Nxd5 16. exd5 Bf6 17. h5 Qb6 18. Nd2 e4 19. Qa3 Bb5 20. c4 Ba4 21. Re1 e3 22. Ne4 Be5 23. Bd3 Qd4 24. Re2 Rd7 25. Qc3 Qxc3+ 26. Nxc3 Bxc3 27. bxc3 Re7 28. Rh3 Rhe8 29. Rg3 Re5 30. Kb2 Bd1 31. Re1 Ba4 32. Kc1 Kc7 33. Bc2 Bxc2 34. Kxc2 Kb6 35. Kd3 Kc5 36. Re2 f6 37. a3 b6 38. a4 Re4 39. Rf3 R4e5 40. Rh3 Re4 41. Rg3 R8e5 42. Rf3 Rxc4 43. Rfxe3 Rxd5+ 44. Kc2 Rxa4 45. Kb3 Rxg4 46. Re8 b5 47. Rc8+ Kb6 48. Re6 Rc4 49. Rh8 Rxf5 50. Rxd6+ Rc6 51. Rd2 Rf3 52. Rxh6 Rfxc3+ 53. Kb2 Rh3 54. Rg2 a5 55. Rh8 b4 56. h6 f5 57. h7 Rch6 58. Rf8 Rxh7 59. Rf6+ Kb5 60. Rxf5+ Ka4 61. Rgxg5 Rh2+ 62. Kb1 Ra7 63. Rg4 Ka3 64. Rff4 Re7 65. Rg3+ b3 66. Rg1 Ree2 67. Rc4 Rb2+ 68. Kc1 Rhc2+ 69. Rxc2 Rxc2+ 70. Kb1 a4 71. Rf1 Kb4 72. Rf8 Rc5 73. Rf4+ Rc4 74. Rf8 a3 75. Rb8+ Kc3 76. Ra8 a2+ 77. Ka1 b2+ 78. Kxa2 Kc2 0-1